Melaka : Where forestry began
| Corporate Author: | |
|---|---|
| Format: | Book |
| Published: |
Kuala Lumpur :
Forestry Department Peninsular Malaysia ,
2008
|
| Subjects: |
MARC
| LEADER | 00000cam a2200000 7i4500 | ||
|---|---|---|---|
| 001 | 0000003723 | ||
| 005 | 20110420.0 | ||
| 020 | 0 | 0 | |a 9789839269642 |
| 090 | 0 | 0 | |a JPSM 634.909595 |b MAL 2008 |
| 245 | 0 | 0 | |a Melaka : |b Where forestry began |
| 260 | 0 | 0 | |a Kuala Lumpur : |b Forestry Department Peninsular Malaysia , |c 2008 |
| 300 | |a 117p. : |b col. ill. ; |c 30 cm. | ||
| 650 | 0 | 0 | |a Forest |z Melaka |
| 710 | 1 | 1 | |a MALAYSIA , |c Jabatan Perhutanan Semenanjung Malaysia |
| 998 | |a JPSM | ||
| 999 | |a 007592 |b Monograph |c Red Spot |e Default branch | ||